UEFA Euro Champions Click Quiz - Countries by the Year They Last Won - Statistics

General Stats
  • This quiz has been taken 209 times
    90 since last reset
  • The average score is 7 of 11
Answer Stats
Hint Answer % Correct
Portugal 2016
82%
Spain 2024
82%
Grece 2004
81%
Italy 2020
73%
Soviet Union 1960
66%
Denmark 1992
64%
France 2000
64%
Netherlands 1988
61%
Czechoslovakia 1976
58%
Germany 1996
58%
West Germany 1980
52%
No matching quizzes found
Score Distribution
Percent of People with Each Score
Percentile by Number Answered
Your Score History
You have not taken this quiz since the last reset